Zlepšovanie postoja žiakov k angličtine ako vyučovaciemu predmetu pomocou naratívnych techník a autentických kníh

Bibliographic Details
Main Author: Hitková, Petra, 1975- (Author)
Format: Article
Language:Slovak
PhysicalDescription:Grafy, tabuľky
ISSN:2585-8556
Subjects:
Online Access:www

MARC

LEADER 00000nab a2200000 4500
001 vtls012018532
003 SK-MaSNL
005 20260426105906.0
008 210317|2017 xo |||| ||an ||00 0|slo
015 |a SNBRB2021/03 
040 |a SPKCL  |b slo  |e rda 
041 |a slo  |b eng 
044 |a xo  |c SK 
072 7 |a 811.111  |x Angličtina  |2 konspekt 
080 |a 81´24:811.111  |2 2011 
100 1 |a Hitková, Petra,  |d 1975-  |4 aut  |9 233394 
245 1 0 |a Zlepšovanie postoja žiakov k angličtine ako vyučovaciemu predmetu pomocou naratívnych techník a autentických kníh  |c Petra Hitková 
300 |b Grafy, tabuľky 
336 |a text  |b txt  |2 rdacontent 
337 |a bez média  |b n  |2 rdamedia 
338 |a zväzok  |b nc  |2 rdacarrier 
504 |a Obsahuje bibliografiu 
546 |a Anglické resumé 
650 0 7 |a angličtina  |2 SNKPH  |9 1260 
650 0 7 |a názory a postoje  |2 SNKPH  |9 4303 
650 0 7 |a vyučovanie jazykov  |2 SNKPH  |9 31418 
650 0 7 |a výskum  |2 SNKPH  |9 4238 
650 0 7 |a základné školy  |2 SNKPH  |9 1280 
773 0 |t Scientia et Eruditio (online)  |g Roč. 1, č. 3 (2017), s. 67-84  |x 2585-8556 
856 4 1 |u www 
958 |a NB 
999 |c 3364639  |d 3366569